Stolice - kartkówka - Statystyki

Ogólne statystyki
  • Ten quiz został rozwiązany 20 razy
  • Średni wynik to 28 z 50
Statystyki odpowiedzi
Państwo Stolica % Poprawnych
kuba hawana
95%
izrael jerozolima
90%
egipt kair
90%
tajlandia bangkok
80%
jamajka kingston
80%
peru lima
80%
tunezja tunis
80%
irak bagdad
75%
kolumbia bogota
75%
indonezja dżakarta
75%
armenia erywań
75%
panama panama
75%
maroko rabat
75%
chile santiago
75%
iran teheran
75%
kuwejt kuwejt
70%
zea abu zabi
65%
wenezuela caracas
65%
wietnam hanoi
65%
mongolia ułan bator
65%
kazachstan astana
60%
pakistan islamabad
60%
kenia nairobi
60%
indie new delhi
60%
rpa pretoria
60%
afganistan kabul
55%
malezja kuala lumpur
55%
filipiny manila
55%
ekwador quito
55%
arabia saudyjska rijad
55%
dominikana santo domingo
55%
senegal dakar
50%
katar doha
45%
nepal katmandu
45%
salwador san salvador
45%
libia trypolis
45%
liban bejrut
40%
bangladesz dhaka
40%
etiopia addis abeba
35%
ghana akra
35%
uzbekistan taszkent
35%
laos wientian
35%
kostaryka san jose
30%
kirgistan biszkek
25%
kambodża phnom penh
25%
sri lanka kolombo
20%
gwatemala guatemala
15%
uganda kampala
15%
rwanda kigali
15%
nigeria abuja
5%
Nie znaleziono quizów pasujących do podanych kryteriów
Rozkład punktacji
Procent ludzi z każdym wynikiem
Percentyl według liczby udzielonych odpowiedzi
Twoja historia wyników
Nie rozwiązałeś tego quizu